Представление документа в формате RUSMARC

ПолеНазваниеЗначение
  Тип записи a
  Библиографический уровень m
001 Контрольный номер SKBR/f6f3cbe5-704b-4d38-be24-65299494d063
005 Дата корректировки 20230109145946.9
010 Индекс ISBN __
a ISBN 978-5-17-111642-2
9 Тираж 2000 экз.
d Цена 316-80
100 Данные общей обработки __
a Данные общей обработки 20190205d2019 ma y0rusy028902 ca
101 Язык документа 0_
a Язык текста eng
a Язык текста rus
102 Страна публикации __
a Страна публикации RU
105 Кодированные данные (монография) __
a Кодированные данные (монография) y z 000zy
181 Поле кодированных данных: вид содержания _0
a Код вида содержания (ISBD) i
182 Поле кодированных данных: тип средства _0
a Код типа средства (ISBD) n
200 Заглавие и сведения об ответственности 1_
a Заглавие Кэрри
d Параллельное заглавие Carrie
e Сведения, относящиеся к заглавию [роман, комментарии, словарь, грамматика]
e Сведения, относящиеся к заглавию уникальная методика обучения языку В. Ратке
f Первые сведения об ответственности Стивен Кинг
g Последующие сведения об ответственности лексико-грамматический комментарий О. Н. Прокофьевой
z Язык параллельного заглавия eng
203 Вид содержания и тип средства __
a Вид содержания Текст
c Тип средства непосредственный
210 Выходные данные 1_
a Место издания Москва
c Издательство Lingua
c Издательство АСТ
d Дата издания 2019
215 Физическое описание __
a Объем 478, [1] с.
d Формат 20 см
225 Серия 1_
a Серия Учим английский, читая классику
300 Общие примечания __
a Общие примечания Текст на английском языке
330 Аннотация __
a Аннотация Предлагаем учить английский язык вместе с одним из самых известных романов Стивена Кинга "КЭРРИ". Полный текст произведения снабжен подробным лексико-грамматическим комментарием, расположенным на полях, напротив комментируемого места, с отсылками на соответствующее правило грамматики. Объем грамматического справочника, следующего сразу за романом, позволяет успешно им пользоваться и после прочтения книги. Комментарии касаются не только грамматики, но и американских реалий. В конце книги помещен англо-русский словарь, содержащий лексику романа. Издание предназначено для всех, кто учит английский язык и стремится читать литературу в оригинале.
600 Персоналии _1
2 Код системы nlr_sh
a Персоналии (Фамилия) Ратке
b Персоналии (Имя) В.
g Полное имя Вольфганг
f Даты 1571-1635
606 Тематические рубрики __
2 Код системы nlr_sh
a Основная рубрика Языкознание
606 Тематические рубрики __
2 Код системы nlr_sh
a Основная рубрика Германские языки
610 Ключевые слова 0_
a Ключевые слова зарубежная литература
610 Ключевые слова 0_
a Ключевые слова иностранная литература
610 Ключевые слова 0_
a Ключевые слова иностранные языки
610 Ключевые слова 0_
a Ключевые слова английский язык
610 Ключевые слова 0_
a Ключевые слова американская литература
610 Ключевые слова 0_
a Ключевые слова чтение на английском
610 Ключевые слова 0_
a Ключевые слова методика Ратке
610 Ключевые слова 0_
a Ключевые слова Ратке методика
610 Ключевые слова 0_
a Ключевые слова экранизации
610 Ключевые слова 0_
a Ключевые слова экранизированные книги
686 Индексы других классификаций __
a Классификационный индекс 81.432.1я7-3
2 Код системы rubbks
700 Автор _1
a Фамилия Кинг
b Имя С.
f Даты 1947-
g Полное личное имя Стивен
4 Код отношения 070
702 Вторичная интеллектуальная ответственность _1
a Фамилия Прокофьева
b Имя О. Н.
4 Код отношения 212
801 Источник записи _0
a Страна RU
b Организация NLR
c Дата составления 20190205
g Правила каталогизации PSBO
801 Источник записи _1
a Страна RU
b Организация NLR
c Дата составления 20190205
g Правила каталогизации PSBO
801 Источник записи _2
a Страна RU
b Организация NLR
c Дата составления 20190301
2 Код формата rusmarc
g Правила каталогизации PSBO
852 Данные о местонахождении __
i Авторский знак К 41
j Шифр хранения 81.432.1я7-3
900 Макрообъекты __
a Макрообъекты Кэрри, 2019
901 Тип документа __
a Ответственный КиК/Обаева
t Тип документа m
903 Характеристики (МАРС) __
a Дата передачи 20220303
c Наименование библиотеки (МАРС) Муниципальное бюджетное учреждение культуры "Централизованная библиотечная система" г. Сургут (Центральная городская библиотека им. А. С. Пушкина)
969 Тип издания __
a Тип издания книга для чтения
990 Данные о заказе (DOS) __
j Количество экземпляров (DOS) 1
t N записи в КСУ для И/У (DOS) 202203